000 00356nam a2200145Ia 4500
008 230917s9999||||xx |||||||||||||| ||und||
040 _e48050
_aMAIN
041 _aEnglish
082 _a843.2 R112G
100 _aRabelais, francois
245 0 _aGargantua and Pantagruel; 2V V1
260 _aLondon
_bDent
_c1966
300 _axxii, 360 p.
942 _cBK
999 _c180543
_d180543